Obras / (Record no. 57972)

MARC details
000 -LEADER
campo de control de longitud fija 01571nam a2200385 i 4500
001 - NÚMERO DE CONTROL
campo de control 57972
003 - IDENTIFICADOR DE NÚMERO DE CONTROL
campo de control ES-MaACL
005 - FECHA Y HORA DE LA ÚLTIMA TRANSACCIÓN
campo de control 20230906163708.0
007 - CAMPO FIJO DE DESCRIPCIÓN FÍSICA--INFORMACIÓN GENERAL
campo de control de longitud fija t|
008 - DATOS DE LONGITUD FIJA--INFORMACIÓN GENERAL
campo de control de longitud fija 031020s1959 sp ||||1| spa d
100 1# - ENTRADA PRINCIPAL--NOMBRE DE PERSONA
Nombre de persona Du Maurier, Daphne.
9 (RLIN) 45711
245 10 - MENCIÓN DEL TÍTULO
Título Obras /
Mención de responsabilidad, etc. de Daphne Du Maurier.
260 ## - PUBLICACIÓN, DISTRIBUCIÓN, ETC.
Lugar de publicación, distribución, etc. Madrid :
Nombre del editor, distribuidor, etc. La Nave,
Fecha de publicación, distribución, etc. 1959 (
Fabricante Tip. Miguza)
300 ## - DESCRIPCIÓN FÍSICA
Extensión 2 v. ;
Dimensiones 18 cm.
490 1# - MENCIÓN DE SERIE
Mención de serie Maestros de hoy
505 8# - NOTA DE CONTENIDO CON FORMATO
Nota de contenido con formato Contiene: I. Rebeca / [traducción de Fernando Calleja] ; Monte bravo / [traducción de Santiago Valdanzo] ; Espíritu de amor / [traducción de María E. Martínez de Pineda] ; París y Londres / [traducción de Berni Wremier] -- II. El general del rey / [traducción de Federico G. Quells] ; La posada de Jamaica / [traducción de V.C.L.] ; Nunca volveré a ser joven / [traducción de Ildefonso Balsain] ; ¡Adelante, Julio! / [traducción de Roberto Ángel]
700 1# - ENTRADA AGREGADA--NOMBRE PERSONAL
Nombre de persona Calleja, Fernando.
9 (RLIN) 33715
700 1# - ENTRADA AGREGADA--NOMBRE PERSONAL
Nombre de persona Valdanzo, Santiago.
9 (RLIN) 112478
700 1# - ENTRADA AGREGADA--NOMBRE PERSONAL
Nombre de persona Martínez de Pineda, María E.
9 (RLIN) 78023
700 1# - ENTRADA AGREGADA--NOMBRE PERSONAL
Nombre de persona Wremier, Berni.
9 (RLIN) 117396
700 1# - ENTRADA AGREGADA--NOMBRE PERSONAL
Nombre de persona Balsain, Ildefonso.
9 (RLIN) 25106
700 1# - ENTRADA AGREGADA--NOMBRE PERSONAL
Nombre de persona Angel, Roberto.
9 (RLIN) 21703
700 1# - ENTRADA AGREGADA--NOMBRE PERSONAL
Nombre de persona Quells, Federico G.
9 (RLIN) 94509
740 02 - ENTRADA AGREGADA--TÍTULO RELACIONADO/ANALÍTICO NO CONTROLADO
Título relacionado o analítico no controlado Rebeca.
740 02 - ENTRADA AGREGADA--TÍTULO RELACIONADO/ANALÍTICO NO CONTROLADO
Título relacionado o analítico no controlado Monte bravo.
740 02 - ENTRADA AGREGADA--TÍTULO RELACIONADO/ANALÍTICO NO CONTROLADO
Título relacionado o analítico no controlado Espíritu de amor.
740 02 - ENTRADA AGREGADA--TÍTULO RELACIONADO/ANALÍTICO NO CONTROLADO
Título relacionado o analítico no controlado París y Londres.
740 32 - ENTRADA AGREGADA--TÍTULO RELACIONADO/ANALÍTICO NO CONTROLADO
Título relacionado o analítico no controlado El general del rey.
740 32 - ENTRADA AGREGADA--TÍTULO RELACIONADO/ANALÍTICO NO CONTROLADO
Título relacionado o analítico no controlado La posada de Jamaica.
740 02 - ENTRADA AGREGADA--TÍTULO RELACIONADO/ANALÍTICO NO CONTROLADO
Título relacionado o analítico no controlado Nunca volveré a ser joven.
740 12 - ENTRADA AGREGADA--TÍTULO RELACIONADO/ANALÍTICO NO CONTROLADO
Título relacionado o analítico no controlado ¡Adelante, Julio!
830 1# - PUNTO DE ACCESO ADICIONAL DE SERIE-TÍTULO UNIFORME
Título uniforme Maestros de hoy
9 (RLIN) 182411
852 4# - LOCALIZACIÓN
Ubicación ES-MaACL
Número de control de estantería C-15944-45
Holdings
Estatus retirado Estado de pérdida Estado de daño No para préstamo Biblioteca de origen Biblioteca actual Ubicación en estantería Fecha de adquisición Fuente de adquisición Total de préstamos Signatura topográfica completa Código de barras Visto por última vez Precio de reemplazo Tipo de ítem Koha
        Biblioteca del Ateneo de Madrid Biblioteca del Ateneo de Madrid Ficheros 17/01/2008     C-15944-5 1060844 23/02/2023 23/02/2023 Libro impreso